Comments on Herman Franke's Article 'The Rise and Decline of Solitary Confinement: Socio-historical Explanations of Long-term Penal Changes'
Comments on Herman Franke's article `The Rise and Decline of Solitary Confinement: Sociohistorical Explanations of Long-term Penal Changes' published in 1992 in the British Journal of Criminology. Franke's misrepresentations of arguments in Spierenburg's article `From Amsterdam t...
| Main Author: | |
|---|---|
| Format: | Print Article |
| Language: | English |
| Published: |
1993
|
| In: |
The British journal of criminology
Year: 1993, Volume: 33, Issue: 4, Pages: 562-564 |
| Check availability: | HBZ Gateway |
| Keywords: |
MARC
| LEADER | 00000caa a22000002c 4500 | ||
|---|---|---|---|
| 001 | 164035025X | ||
| 003 | DE-627 | ||
| 005 | 20220608131800.0 | ||
| 007 | tu | ||
| 008 | 160223s1993 xx ||||| 00| ||eng c | ||
| 035 | |a (DE-627)164035025X | ||
| 035 | |a (DE-576)456123229 | ||
| 035 | |a (DE-599)BSZ456123229 | ||
| 040 | |a DE-627 |b ger |c DE-627 |e rakwb | ||
| 041 | |a eng | ||
| 100 | 1 | |a Spierenburg, Pieter |4 aut | |
| 245 | 1 | 0 | |a Comments on Herman Franke's Article 'The Rise and Decline of Solitary Confinement: Socio-historical Explanations of Long-term Penal Changes' |c Pieter Spierenburg |
| 264 | 1 | |c 1993 | |
| 336 | |a Text |b txt |2 rdacontent | ||
| 337 | |a ohne Hilfsmittel zu benutzen |b n |2 rdamedia | ||
| 338 | |a Band |b nc |2 rdacarrier | ||
| 520 | |a Comments on Herman Franke's article `The Rise and Decline of Solitary Confinement: Sociohistorical Explanations of Long-term Penal Changes' published in 1992 in the British Journal of Criminology. Franke's misrepresentations of arguments in Spierenburg's article `From Amsterdam to Auburn'; Importance of imprisonment before the nineteenth century | ||
| 773 | 0 | 8 | |i In |t The British journal of criminology |d Oxford : Univ. Press, 1960 |g 33(1993), 4, Seite 562-564 |w (DE-627)129851361 |w (DE-600)280389-6 |w (DE-576)015150712 |x 0007-0955 |7 nnas |
| 773 | 1 | 8 | |g volume:33 |g year:1993 |g number:4 |g pages:562-564 |
| 935 | |a mkri | ||
| 951 | |a AR | ||
| ELC | |b 1 | ||
| LOK | |0 000 xxxxxcx a22 zn 4500 | ||
| LOK | |0 001 3301953085 | ||
| LOK | |0 003 DE-627 | ||
| LOK | |0 004 164035025X | ||
| LOK | |0 005 20250519151144 | ||
| LOK | |0 008 160208||||||||||||||||ger||||||| | ||
| LOK | |0 040 |a DE-21-110 |c DE-627 |d DE-21-110 | ||
| LOK | |0 689 |a s |a Todesstrafe | ||
| LOK | |0 689 |a s |a Geschichte | ||
| LOK | |0 689 |a s |a Strafvollzug | ||
| LOK | |0 689 |a s |a Einzelhaft | ||
| LOK | |0 689 |a s |a Frühgeschichte | ||
| LOK | |0 689 |a s |a Strafrecht | ||
| LOK | |0 852 |a DE-21-110 | ||
| LOK | |0 852 1 |m p |9 00 | ||
| LOK | |0 935 |a k110 | ||
| LOK | |0 938 |k p | ||
| LOK | |0 939 |a 08-02-16 |b l01 | ||
| ORI | |a SA-MARC-krimdoka001.raw | ||
